000
00227 a2200097 4500
001
14290
100
_a
Greene, H.A
245
_a
Measurement eran in sec school
260
_a
Washington
_b
Longmans green
_c
090
_c
11200
_d
11200
942
_a
NUST-CAE
_c
M
_c
1338
999
_c
249363
_d
249363